| 000 | 00898nam a22002297a 4500 | ||
|---|---|---|---|
| 005 | 20240422113956.0 | ||
| 008 | 240422b sp |||||||| |||| 00| 0 spa d | ||
| 020 | _a8489396094 | ||
| 050 | 0 | 4 |
_aNK2115 _bW35 1997 |
| 100 | 1 | _aWalton, Stewart. | |
| 240 | 1 | 4 |
_aThe complete home decorator _lEspañol. |
| 245 | 1 | 0 |
_aGuía completa de la decoración _b: 1,000 ideas de diseño para el hogar _c/ Stewart Walton ; traducción Remedios Diéguez Diéguez ; revisión técnica Margarita Kirchner. |
| 246 | 1 | 6 |
_aGuía completa de la decoración _b: mil ideas de diseño para el hogar |
| 250 | _a1a ed. | ||
| 260 |
_aBarcelona, España : _bArt Blume, _c1997. |
||
| 300 |
_a255 p. : _bil. ; _c27 cm. |
||
| 500 | _aIncluye índice. | ||
| 650 | 7 |
_2lemb _aDecoración de interiores _vGuía |
|
| 700 | 1 |
_aDiéguez Diéguez, Remedios, _etraductor |
|
| 700 | 1 |
_aKirchner, Margarita, _erevisor |
|
| 942 |
_2lcc _cLIB |
||
| 999 |
_c119920 _d119920 |
||